[Event "Brasilia JEBS op"]
[Site "Brasilia"]
[Date "2023.10.30"]
[Round "6"]
[White "De Melo, Marcelo R Ferreira"]
[Black "De Souza, Enzo Rodrigues Thom"]
[Result "1-0"]
[WhiteElo "1800"]
[BlackElo "1780"]
[PlyCount "47"]
[EventDate "2023.10.28"]
[EventType "swiss"]
[EventRounds "6"]
[EventCountry "BRA"]
[SourceTitle "CBM 216 Extra"]
[Source "ChessBase"]
[SourceDate "2023.11.30"]
[SourceVersion "1"]
[SourceVersionDate "2023.11.30"]
[SourceQuality "1"]

1. e4 e5 2. Nf3 Nc6 3. d4 exd4 4. Nxd4 Bc5 5. Be3 Nf6 6. Nxc6 bxc6 7. Bxc5 d6 8. Ba3 0-0 9. Bd3 Re8 10. 0-0 Nxe4 11. Bxe4 Rxe4 12. Re1 Rg4 13. Qe2 Bb7 14. Qxg4 Bc8 15. Qe4 Bd7 16. Qe7 Qc8 17. Nc3 Bf5 18. Ne4 Rb8 19. Re2 Qb7 20. Ng3 Be6 21. Rae1 c5 22. Nh5 Qc6 23. Rxe6 fxe6 24. Qxg7# 1-0

[Event "Barra de Sao Miguel op"]
[Site "Barra de Sao Miguel"]
[Date "2019.10.12"]
[Round "4"]
[White "De Souza, Enzo Rodrigues Thom"]
[Black "De Menezes, Rodrigo Gomes Leal"]
[Result "0-1"]
[WhiteElo "1800"]
[BlackElo "1800"]
[PlyCount "72"]
[EventDate "2019.10.10"]
[EventType "swiss"]
[EventRounds "7"]
[EventCountry "BRA"]
[SourceTitle "CBM 192 Extra"]
[Source "Chessbase"]
[SourceDate "2019.11.06"]
[SourceVersion "1"]
[SourceVersionDate "2019.11.06"]
[SourceQuality "1"]

1. e4 e5 2. Nf3 Nf6 3. Nc3 Nc6 4. Bc4 d6 5. h3 Be6 6. Bb3 Bxb3 7. axb3 Be7 8. 0-0 0-0 9. d3 d5 10. exd5 Nxd5 11. Nxd5 Qxd5 12. c4 Qd8 13. Re1 Bf6 14. h4 Bxh4 15. Nxe5 Nxe5 16. Rxe5 Re8 17. Bf4 Bf6 18. Rxe8+ Qxe8 19. Bxc7 Bxb2 20. Ra2 Bf6 21. Qf3 Qc8 22. Qg3 Bd8 23. Bxd8 Qxd8 24. Rd2 Qe8 25. Qe3 Qxe3 26. fxe3 Re8 27. e4 g6 28. Ra2 a6 29. b4 Rd8 30. Rd2 h5 31. b5 a5 32. d4 a4 33. d5 Ra8 34. Ra2 Kg7 35. Kf2 Kf6 36. Ke2 Ke5 0-1

[Event "Barra de Sao Miguel op"]
[Site "Barra de Sao Miguel"]
[Date "2019.10.11"]
[Round "3"]
[White "Dos Santos, Syndel Cristiny"]
[Black "De Souza, Enzo Rodrigues Thom"]
[Result "1/2-1/2"]
[WhiteElo "1762"]
[BlackElo "1800"]
[PlyCount "20"]
[EventDate "2019.10.10"]
[EventType "swiss"]
[EventRounds "7"]
[EventCountry "BRA"]
[SourceTitle "CBM 192 Extra"]
[Source "Chessbase"]
[SourceDate "2019.11.06"]
[SourceVersion "1"]
[SourceVersionDate "2019.11.06"]
[SourceQuality "1"]

1. d4 d5 2. Nc3 Nf6 3. Nf3 h6 4. e3 Bg4 5. Bd3 Bh5 6. Bd2 e6 7. Bb5+ Nc6 8. Bd3 Bb4 9. Ne2 0-0 10. Bxb4 Nxb4 1/2-1/2

[Event "Barra de Sao Miguel op"]
[Site "Barra de Sao Miguel"]
[Date "2019.10.10"]
[Round "1"]
[White "Azevedo Junior, Jose Ferreira"]
[Black "De Souza, Enzo Rodrigues Thom"]
[Result "1-0"]
[WhiteElo "2122"]
[BlackElo "1800"]
[PlyCount "47"]
[EventDate "2019.10.10"]
[EventType "swiss"]
[EventRounds "7"]
[EventCountry "BRA"]
[SourceTitle "CBM 192 Extra"]
[Source "Chessbase"]
[SourceDate "2019.11.06"]
[SourceVersion "1"]
[SourceVersionDate "2019.11.06"]
[SourceQuality "1"]

1. c4 e5 2. Nc3 Nf6 3. g3 Bc5 4. e3 0-0 5. Bg2 Nc6 6. Nge2 d6 7. 0-0 Bg4 8. a3 Re8 9. b4 Nxb4 10. axb4 Bxb4 11. Qb3 Bxc3 12. Nxc3 Qd7 13. Qxb7 Rab8 14. Qc6 Qxc6 15. Bxc6 Bd7 16. Bxd7 Nxd7 17. Rxa7 Ra8 18. Rxc7 Nb6 19. d4 exd4 20. exd4 Ra3 21. Bxa3 Ra8 22. c5 Nc4 23. cxd6 Rxa3 24. Rc8# 1-0